|
|
|
|
| LEADER |
00000nam a2200000 4500 |
| 001 |
vtls012228726 |
| 003 |
SK-MaSNL |
| 005 |
20260301081127.0 |
| 007 |
co bg auuua |
| 008 |
230502s2022 xo fqnp 000 0 slo |
| 015 |
|
|
|a SNBS2023
|
| 020 |
|
|
|a 9788089533398
|q (elektronická kniha)
|
| 040 |
|
|
|a SNK
|b slo
|c SNK
|e rda
|
| 041 |
0 |
|
|a slo
|
| 044 |
|
|
|a xo
|c SK
|
| 072 |
|
7 |
|2 konspekt
|
| 080 |
|
|
|2 2011
|
| 100 |
1 |
|
|a Kozoň, Antonín,
|d 1950-
|4 aut
|9 194811
|
| 245 |
1 |
0 |
|a Patopsychológia psychopatológia postihnutých v socializácií
|b teória a prax sociálnej práce
|c Antonín Kozoň
|
| 246 |
3 |
0 |
|a Penitenciárna teória a prax
|
| 250 |
|
|
|a 2. vydanie
|
| 264 |
|
1 |
|a Trenčín
|b SpoSoIntE
|c 2022
|
| 300 |
|
|
|a 1 CD-ROM
|c 12 cm
|
| 336 |
|
|
|a text
|b txt
|2 rdacontent
|
| 337 |
|
|
|a počítač
|b c
|2 rdamedia
|
| 338 |
|
|
|a počítačový disk
|b cd
|2 rdacarrier
|
| 347 |
|
|
|a textový súbor
|b PDF
|2 rda
|
| 504 |
|
|
|a Obsahuje bibliografiu na strane 167-173
|
| 655 |
|
7 |
|a CD-ROM
|2 SNKPH
|9 70236
|
| 710 |
2 |
|
|a Vysoká škola Danubius v Sládkovičove.
|b Fakulta sociálnych štúdií
|4 pbl
|9 187886
|
| 919 |
|
|
|a 978-80-89533-39-8
|
| 999 |
|
|
|c 655021
|d 656951
|
| 952 |
|
|
|t 1
|a SNK
|b SNK
|c SNK_KF
|y PREZ
|7 8
|p 17A1478839
|o snkSCDM 12628
|i snk2023/7032
|8 0
|0 0
|1 0
|4 0
|d 2023-05-02
|l 0
|r 2026-02-23 18:34:21
|w 2026-02-23
|
| 952 |
|
|
|t snkPAT 159.97
|a SNKMST
|b SNKMST
|y PREZ
|7 0
|p 17A1478840
|o snkSCDM 12628 D1
|i snk2023/7033
|8 0
|0 0
|1 0
|4 0
|d 2023-05-02
|l 0
|r 2025-08-12 00:00:00
|w 2026-02-23
|